Recyklace průmyslových odpadů /

Salvato in:
Dettagli Bibliografici
Autore principale: Mikoláš, Jan (Autore)
Natura: Libro
Lingua:ceco
Pubblicazione: Praha : SNTL, 1988
Tags: Aggiungi Tag
Nessun Tag, puoi essere il primo ad aggiungerne!!

MARC

LEADER 00000nam a22000003a 4500
001 stu29175
005 20150617225655.4
008 950605s1988----xr------------------cze-d
040 |a STU  |b slo 
041 0 |a cze 
044 |a xr 
080 |a 62.004.8 
100 1 |a Mikoláš, Jan  |4 aut 
245 1 |a Recyklace průmyslových odpadů /  |c [aut]Mikoláš,Jan 
260 |a Praha :  |b SNTL,  |c 1988 
300 |a 165 s 
996 |c V*36062/O-15022  |l VV17  |s P  |a 0  |w stu29175_0001 
996 |b 284V014470  |c V*35815/O-14895  |l VVS  |s A  |a 24  |w stu29175_0002 
996 |b 284V013822  |c V*35816/O-14895a  |l VVS  |s A  |a 24  |w stu29175_0003